| 000 | 00803nam a2200217 i 4500 | ||
|---|---|---|---|
| 001 | 79741 | ||
| 003 | ES-MaACL | ||
| 005 | 20250729085446.0 | ||
| 007 | t| | ||
| 008 | 041022s1966 sp ||||1| spa d | ||
| 100 | 1 |
_aHervada, Javier ( _d1934-) _963412 |
|
| 245 | 1 | 3 |
_aEl ordenamiento canónico. _nI, _pAspectos centrales de la construcción del concepto / _cJavier Hervada. |
| 260 |
_aPamplona : _bUniversidad de Navarra, _c1966. |
||
| 300 |
_a292 p. ; _c23 cm. |
||
| 490 | 1 | _aColección Canónica de la Universidad de Navarra | |
| 505 | 8 | _aContiene: V. I: Aspectos centrales de la construcción del concepto | |
| 650 | 0 | 7 |
_aDerecho canónico _2embne _911655 |
| 830 | 0 |
_aColección Canónica de la Universidad de Navarra _9183297 |
|
| 852 |
_aES-MaACL _jP-1156 _bR.61918 |
||
| 999 |
_c79741 _d79741 |
||